| 000 | 00952cam a22002775a 4500 | ||
|---|---|---|---|
| 001 | 18486064 | ||
| 005 | 20201128024043.0 | ||
| 008 | 150209t2015 maua frb 001 0 eng d | ||
| 020 | _a9780128008874 | ||
| 040 |
_aDLC _beng _cDLC _dEG-ScBUE |
||
| 082 | 0 | 4 |
_222 _a004.65 _bMOD |
| 245 | 0 | 0 |
_aModeling and simulation of computer networks and systems : _bmethodologies and applications / _cedited by Mohammad S. Obaidat, Faouzi Zarai, Petros Nicopolitidis. |
| 250 | _a1st ed. | ||
| 260 |
_aWaltham : _bMorgan Kaufmann / Elsevier, _cc.2015. |
||
| 300 |
_axl, 924 p. : _bill. ; _c24 cm. |
||
| 500 | _aIndex : p. 899-924. | ||
| 504 | _aIncludes bibliographical references. | ||
| 650 | 7 |
_2BUEsh _91660 _aComputer networks. |
|
| 650 | 7 |
_2BUEsh _911552 _aSimulation methods. |
|
| 651 | _2BUEsh | ||
| 653 |
_bCOMSCI _cDecember2016 |
||
| 700 | 1 |
_aObaidat, Mohammad S. _eeditor. |
|
| 700 | 1 | _aZarai, Faouzi. | |
| 700 | 1 | _aNicopolitidis, Petros. | |
| 942 | _2ddc | ||
| 999 |
_c23473 _d23445 |
||